Kraje najbliżej Chin - Jedna Minuta Sprint - Statystyki

Ogólne statystyki
  • Ten quiz został rozwiązany 280 razy
  • Średni wynik to 13 z 20
Statystyki odpowiedzi
km kraj % Poprawnych
0 Rosja
97%
0 Indie
90%
0 Korea Północna
89%
0 Mongolia
89%
331 Japonia
81%
263 Korea Poludniowa
81%
0 Kazachstan
75%
0 Nepal
72%
0 Wietnam
71%
0 Bhutan
59%
0 Laos
59%
0 Pakistan
59%
0 Tadzykistan
57%
115 Tajlandia
56%
0 Kirgistan
55%
0 Mjanma
49%
0 Afganistan
48%
4 Tajwan
45%
108 Uzbekistan
45%
94 Bangladesz
44%
Nie znaleziono quizów pasujących do podanych kryteriów
Rozkład punktacji
Procent ludzi z każdym wynikiem
Percentyl według liczby udzielonych odpowiedzi
Twoja historia wyników
Nie rozwiązałeś tego quizu